Statistics for 5 Groups of 5- Geography #3

Click here to take the quiz!

General Stats

  • This quiz has been taken 517 times
  • The average score is 21 of 25

Answer Stats

HintAnswer% Correct
Countries bordering the Bay of BengalIndia
98%
UN Security Council Permanent FiveRussia
96%
Countries bordering the Caspian SeaRussia
96%
UN Security Council Permanent FiveUnited Kingdom
95%
North American Great LakesLake Michigan
94%
Countries bordering the Bay of BengalBangladesh
92%
Countries bordering the Bay of BengalSri Lanka
92%
UN Security Council Permanent FiveUnited States
92%
UN Security Council Permanent FiveChina
91%
North American Great LakesLake Erie
91%
North American Great LakesLake Superior
91%
UN Security Council Permanent FiveFrance
90%
Countries bordering the Caspian SeaAzerbaijan
88%
Countries bordering the Bay of BengalMyanmar
88%
Countries bordering the Caspian SeaTurkmenistan
87%
Countries bordering the Caspian SeaKazakhstan
86%
Countries bordering the Caspian SeaIran
85%
5 Largest Islands of IndonesiaJava
85%
North American Great LakesLake Ontario
85%
North American Great LakesLake Huron
84%
5 Largest Islands of IndonesiaBorneo
75%
5 Largest Islands of IndonesiaSumatra
71%
Countries bordering the Bay of BengalIndonesia
68%
5 Largest Islands of IndonesiaSulawesi
50%
5 Largest Islands of IndonesiaNew Guinea
47%

Score Distribution

Percentile by Number Answered

Percent of People with Each Score

Your Score History

You have not taken this quiz